Taylor Swift - Superstar Lyrics - Statistics

General Stats
  • This quiz has been taken 122 times
  • The average score is 198 of 271
Answer Stats
Answer % Correct
superstar
100%
Superstar
100%
a
93%
I
93%
"I
93%
who
93%
you
93%
You
93%
you"
93%
in
91%
love
91%
my
91%
on
91%
to
88%
with
88%
I'm
86%
i'm
86%
me
86%
no
86%
the
86%
and
84%
And
84%
just
84%
like
84%
your
84%
girl
81%
of
81%
wall
81%
can't
79%
off
79%
one
79%
So
79%
eyes
77%
hang
77%
another
74%
be
74%
desperately
74%
Give
74%
is
74%
that
74%
when
74%
When
74%
Who's
74%
who's
74%
photograph
72%
special
72%
This
72%
are
70%
but
70%
not
70%
see
70%
tell
70%
there
70%
i'd
67%
things
67%
wide
67%
all
65%
name
65%
face
63%
nothing
63%
scream
63%
saw
60%
you'll
60%
down
58%
Every
58%
girls
58%
keep
58%
knew
58%
night
58%
Sweet
58%
sweet
58%
wide-eyed
58%
beautiful
56%
could
56%
eyed
56%
from
56%
front
56%
help
56%
morning
56%
Morning
56%
never
56%
smile
56%
spotlight
56%
ain't
53%
around
53%
comes
53%
dim
53%
feel
53%
play
53%
row
53%
sing
53%
sleep
53%
up
53%
everyone
51%
knows
51%
wrong
51%
again
49%
breaking
49%
first
49%
guitar
49%
rules
49%
world
49%
about
47%
counting
47%
invisible
47%
Misty
47%
more
47%
wish
47%
loneliness
44%
town
44%
dreaming
42%
played
42%
radio
42%
wakes
42%
bars
40%
today
40%
right
37%
days
33%
babe
30%
note
30%
No matching quizzes found
Score Distribution
Percent of People with Each Score
Percentile by Number Answered
Your Score History
You have not taken this quiz